[Event "Kurnosov Memorial Rapid 2018"]
[Site "Chelyabinsk"]
[Date "2018.09.08"]
[Round "8"]
[White "Pridorozhni, Aleksei"]
[Black "Belyakov, Bogdan"]
[Result "1/2-1/2"]
[WhiteElo "2659"]
[BlackElo "2496"]
[Annotator "TA"]
[PlyCount "141"]
[EventDate "2018.09.07"]
[EventType "swiss"]
[EventCountry "RUS"]
[SourceTitle "playchess.com"]
[Source "ChessBase"]
[SourceQuality "1"]

{[%evp 11,141,45,51,-7,-18,-18,52,28,36,30,52,45,49,27,71,67,90,72,91,91,91,90,133,82,132,122,127,94,89,103,105,92,75,64,85,83,108,63,56,56,75,0,0,-78,-76,-79,-89,-88,-85,-147,-139,-190,-42,-53,-39,-37,-29,-33,-34,-102,-57,-108,-22,-27,-15,-4,-9,-15,-5,-12,0,-8,0,-28,-10,-22,-18,-28,0,-18,-23,-16,-21,-30,-24,-17,-28,-114,-112,-136,-136,-145,-140,-132,-121,-181,-136,-151,-153,-424,-315,-300,-176,-177,-132,-130,-96,-96,-88,-106,-74,-126,-62,-66,-65,-86,-8,-8,-8,-8,-9,-41,0,0,0,0,0,0,0,0,0,0]} 1. d4 d5 2. Nf3 a6 3. e3 Bg4 4. c4 dxc4 5. Bxc4 e6 6. Nc3 Nf6 {LiveBook: 168 Partien} 7. Qb3 {D22: Angenommenes Damengambit} (7. h3 $14 Bh5 8. O-O) (7. h3 Bh5 8. O-O Nc6 9. Be2 Bd6 10. b3 O-O 11. Bb2 Qe7 12. Nd2 Bxe2 13. Qxe2 Rfd8 14. Rac1 Rac8 15. Nde4 Nxe4 16. Nxe4 Nb4 17. Nxd6 cxd6 18. Rxc8 Rxc8 19. Rc1 {½-½ (19) Bai,J (2575)-Kunin,V (2574) Neustadt an der Weinstrasse 2018}) 7... Bxf3 $11 8. gxf3 Nc6 $146 (8... b5 $11 9. Be2 c5) ({Vorgänger:} 8... b5 9. Be2 c5 10. Rg1 cxd4 11. exd4 Nc6 12. Be3 Nxd4 13. Bxd4 Qxd4 14. Nxb5 Bb4+ {0-1 (38) Flear,C (2184)-Schmidt,J (2239) Battle Abbey 2001}) 9. Bf1 {Weiß steht etwas besser.} Bd6 10. f4 Rb8 11. Bg2 O-O 12. O-O Kh8 13. Ne2 Ng4 14. h3 Nh6 15. e4 $1 Qh4 16. Be3 Rg8 17. Rfd1 (17. Rac1 $142) 17... Qh5 18. Kf1 Rgd8 {[%cal Bg8d8,Bd8d7,Bd7e7][%mdl 32]} 19. d5 exd5 20. Rxd5 Qg6 21. Rad1 f6 22. f5 Qe8 23. Nf4 Rd7 24. Ne6 {Und weiter mit Sxc7 wäre nett.} Re7 25. f4 Nf7 26. h4 (26. a3 $16) 26... Nfd8 27. Bh3 (27. Nc5 $11) 27... Nxe6 $17 28. fxe6 Rxe6 29. Bxe6 Qxe6 30. Bc1 (30. Bf2 $142) 30... Qxe4 {Droht stark ...Te8.} 31. Kf2 (31. Qg3 $17 {war angesagt.}) 31... h6 ({Viel schwächer ist} 31... Bxf4 32. Qd3 $17) (31... Ne7 $1 $19 {[%cal Re7d5]} 32. R5d3 Bc5+ 33. Kg3 Nf5+ 34. Kh3 Bd4) 32. Qf3 Qc2+ 33. Qe2 Qg6 {zielt auf ...Sb4 ab.} 34. h5 Qf7 {Und ...Sb4 würde nun gewinnen.} 35. a3 (35. b3 $1 $15) 35... Re8 36. Qg4 {[#]} (36. Qf3 $1 $15) 36... Qe7 (36... Ne7 $1 $17 {[%cal Re7d5]} 37. R5d3 (37. Qd7 Kg8 $17) 37... f5) 37. b4 $11 Qe4 38. Qf3 Qc2+ 39. R5d2 Qf5 40. Rd5 Qc2+ 41. R5d2 $132 {[%mdl 2048] Weiss has counterplay} Qf5 42. Rd5 Qc8 43. Re1 Rxe1 44. Kxe1 Qe6+ 45. Kd1 Ne7 46. Rd3 Qf5 47. Re3 a5 48. bxa5 Qxa5 49. Qe2 (49. Qxb7 $11 {bleibt in der Remisbreite.} Qxh5+ 50. Qf3) 49... Qa4+ $17 50. Ke1 Qxf4 51. Bd2 Qh4+ 52. Kd1 Be5 53. Re4 (53. Qf3 $17) 53... Qh3 54. Re3 Qh1+ 55. Kc2 $2 (55. Be1 $17 {war erzwungen.}) 55... Qc6+ 56. Kd1 {[#]} Qa4+ (56... Nf5 $142 $1 57. Rh3 Nd4) 57. Ke1 $19 Nd5 58. Rd3 Qh4+ 59. Kd1 c6 60. Qf3 Qa4+ 61. Ke2 Qc4 ({Besser ist} 61... Qa8 $17 62. Qf5 Qe8) 62. Qf5 $15 Ne7 $1 {[%cal Re7f5]} 63. Qd7 Qe4+ ({Günstiger ist} 63... Ng8 $17 {Weiss sollte ...b6 verhindern.} 64. Qf5 c5) 64. Re3 $1 $11 {[%cal Re3e4]} Qg2+ 65. Kd1 $1 Qf1+ 66. Be1 Nd5 67. Qe8+ {Die Stellung ist ausgeglichen.} Kh7 68. Qg6+ Kh8 69. Qe8+ Kh7 70. Qg6+ Kh8 71. Qe8+ {Precision: Weiß = 42%, Schwarz = 36%.} 1/2-1/2

[Event "Kurnosov Memorial Rapid 2018"]
[Site "Chelyabinsk"]
[Date "2018.09.08"]
[Round "8"]
[White "Yudin, Sergei"]
[Black "Girya, Olga"]
[Result "0-1"]
[WhiteElo "2641"]
[BlackElo "2462"]
[Annotator "TA"]
[PlyCount "96"]
[EventDate "2018.09.07"]
[EventType "swiss"]
[EventCountry "RUS"]
[SourceTitle "playchess.com"]
[Source "ChessBase"]
[SourceQuality "1"]

{[%evp 16,96,17,0,0,0,0,0,0,-8,-11,-18,-19,-9,-14,-91,-91,-99,-90,-107,-98,-280,-271,-291,-291,-346,-333,-357,-357,-352,-381,-380,-381,-487,-467,-481,-451,-609,-575,-556,-552,-538,-493,-919,-550,-615,-622,-770,-560,-526,-518,-599,-583,-658,-629,-708,-694,-822,-822,-766,-758,-646,-610,-589,-571,-633,-632,-773,-766,-891,-925,-1247,-1233,-1655,-1530,-3245,-2602,-2232,-2058,-29979,-2229,-12709,-12675]} 1. e4 c6 2. Nf3 d5 3. exd5 cxd5 4. Ne5 Nf6 5. d4 Nc6 6. Bb5 {B10: Caro-Kann: 2 d3 and 2 c4} Bd7 7. Nxd7 Qxd7 8. c3 a6 (8... e6 9. O-O Bd6 10. Nd2 O-O 11. Re1 a6 12. Bd3 e5 13. dxe5 Nxe5 {1-0 (52) Kramnik,V (2787)-Caruana,F (2811) Wijk aan Zee 2018}) 9. Bd3 {LiveBook: 12 Games} e5 10. dxe5 Nxe5 11. O-O Bd6 12. Bg5 $146 Ne4 13. Bxe4 dxe4 14. Nd2 f5 15. f3 (15. Qb3 $11) 15... Bc5+ $17 16. Kh1 h6 $36 {[%mdl 2048] Black is in control.} 17. Bf4 Nd3 $1 {[%csl LRb2,LRf4]} 18. fxe4 $2 {[#]} (18. Bg3 $17 {was necessary.}) 18... O-O-O $1 $19 19. exf5 Nxf4 20. Rxf4 Kb8 ({Not} 20... Qxd2 21. Qxd2 Rxd2 22. Rc4 $11) 21. Rg4 Qxd2 22. Qxd2 Rxd2 23. Rxg7 Rxb2 24. h4 Rf8 25. Rf1 Rxa2 26. f6 a5 27. Rb1 Rxf6 28. Rbxb7+ Ka8 {[#] ( -> ...Rf1+)} 29. Rbd7 (29. Kh2 $142) 29... Rb2 30. Rd5 Rc6 31. h5 Rb7 32. Rg6 Rbc7 33. Rg8+ Ka7 34. Rdd8 Ka6 35. g4 Be3 36. Rge8 Bg5 37. Rd5 Rc5 38. Ra8+ Kb5 39. Rd1 Bf6 40. Rd6 R7c6 41. Rd3 Bxc3 42. Kg2 a4 {[%cal Ba5a4,Ba4a3][%mdl 32]} 43. Rd7 Ba5 44. Rda7 Kb4 45. Rf7 a3 46. Rf4+ Rc4 47. Rf5 R6c5 (47... Rc2+ $142 48. Kh1 Rc1+ 49. Kh2 R6c2+ 50. Kg3 Rg1+ 51. Kf3 Rf1+ 52. Ke4 Rxf5 53. Kxf5 a2 54. Rb8+ Ka4 55. g5 a1=Q 56. Rg8 Rc5+ 57. Kg6 Rxg5+ 58. Kf7 Rxg8 59. Ke6 Qd4 60. Ke7 Qd5 61. Kf6 Bd8#) 48. Rb8+ Ka4 {Precision: White = 18%, Black = 87%.} 0-1

[Event "Kurnosov Memorial Rapid 2018"]
[Site "Chelyabinsk"]
[Date "2018.09.08"]
[Round "8"]
[White "Iljiushenok, Ilia"]
[Black "Kokarev, Dmitry"]
[Result "*"]
[WhiteElo "2572"]
[BlackElo "2663"]
[Annotator "TA"]
[PlyCount "62"]
[EventDate "2018.09.07"]
[EventType "swiss"]
[EventCountry "RUS"]
[SourceTitle "playchess.com"]
[Source "ChessBase"]
[SourceQuality "1"]

{[%evp 18,62,0,0,4,22,40,20,28,25,79,30,20,30,19,34,35,12,25,2,10,0,14,6,11,-122,-115,-114,-108,-155,-113,-144,-151,-164,-134,-341,-295,-297,-285,-329,-317,-397,-383,-343,-91,-72,-33]} 1. e4 c5 2. Nf3 d6 3. d4 Nf6 4. Nc3 cxd4 5. Nxd4 a6 6. Bg5 e6 7. f4 Qb6 8. Nb3 Nbd7 9. Qe2 Qc7 10. O-O-O b5 {B97: Sicilian Najdorf: Poisoned Pawn} 11. a3 Bb7 (11... Be7 12. Bh4 Bb7 13. g4 Nc5 14. Bg2 Nxb3+ 15. cxb3 d5 16. Bxf6 Bxf6 17. exd5 O-O-O 18. Kb1 Bxc3 {½-½ (47) Najer,E (2633)-Sjugirov,S (2647) Ekaterinburg 2013}) 12. g4 Be7 {The position is equal.} 13. Bg2 O-O-O (13... h6 $11 {keeps the balance.} 14. Bxf6 Bxf6) 14. Rhe1 h6 15. Bh4 {[%cal Bg5h4,Bh4g3,Bg3f4][%mdl 32]} g5 $146 ({Predecessor:} 15... Nb6 16. Na5 Ba8 17. Bf2 d5 {½-½ (55) Klavins,J-Shmit,A Riga (Latvia) 1962}) 16. Bg3 gxf4 17. Bxf4 Ne5 18. h3 Nfd7 19. Kb1 Nc4 20. a4 Bf6 {[#] Strongly threatening ...Nxb2!} 21. axb5 (21. e5 $1 $11 Ndxe5 22. Bxb7+ (22. axb5 Bxg2 23. Qxg2 Nxb2 $11) 22... Qxb7 23. axb5 axb5 24. Nd4) 21... Bxc3 $1 $17 22. bxc3 axb5 23. Bc1 Ndb6 24. Rf1 Bc6 {[%cal Bb7c6,Bc6d7,Bd7e6][%mdl 32]} 25. Qf2 Rh7 26. Qd4 $2 (26. Rd3 $17 {keeps fighting.}) 26... e5 27. Qf2 {Qf5+ is the strong threat.} Bd7 28. Rd3 Qa7 {White must now prevent ...Kb7.} 29. Rfd1 {And now Rxd6 would win.} Be6 30. Be3 {Threatening Rxd6.} Qa3 $2 (30... Kc7 $19 {is more deadly.} 31. Bxb6+ Nxb6 32. Rxd6 Rxd6 33. Rxd6 Kxd6 34. Qc5+ Kd7) 31. Bc1 {[#]} Qa6 $1 {Precision: White = 31%, Black = 61%.} *

[Event "Kurnosov Memorial Rapid 2018"]
[Site "Chelyabinsk"]
[Date "2018.09.08"]
[Round "8"]
[White "Kotsur, Pavel"]
[Black "Oparin, Grigoriy"]
[Result "*"]
[WhiteElo "2539"]
[BlackElo "2665"]
[Annotator "TA"]
[PlyCount "63"]
[EventDate "2018.09.07"]
[EventType "swiss"]
[EventCountry "RUS"]
[SourceTitle "playchess.com"]
[Source "ChessBase"]
[SourceQuality "1"]

{[%evp 18,63,-4,-13,6,-22,0,-7,4,0,5,8,9,-13,8,0,0,-15,8,4,6,7,7,0,0,0,17,0,0,0,53,46,208,217,256,255,318,344,323,191,194,208,217,214,196,143,141,137]} 1. Nf3 Nf6 2. c4 e6 3. e3 b6 4. Be2 Bb7 5. O-O d5 6. b3 Bd6 7. Bb2 O-O {A13: Reti-Eröffnung} 8. d4 (8. Nc3 a6 9. Qc2 Nbd7 10. Rad1 Rc8 {1-0 (84) Nakamura,H (2777)-Hou,Y (2658) chess.com INT 2018}) 8... Nbd7 9. Nbd2 Qe7 10. Ne5 {LiveBook: 8 Partien} c5 11. Bf3 Rfd8 12. Qe2 $146 ({Vorgänger:} 12. Rc1 Rac8 13. Qe2 Ne4 14. cxd5 exd5 15. Bg4 {0-1 (48) Reinhardt,E-Cranbourne,C (2265) Mercedes 1982}) 12... Ne4 (12... Bc7 {feels hotter.} 13. Nxd7 Rxd7 14. dxc5 bxc5 15. Rfd1 Re8) 13. Nxd7 Rxd7 14. cxd5 exd5 ({Vergiftet wäre} 14... Qh4 $2 15. g3 $18) 15. dxc5 Bxc5 16. Rfd1 Rad8 17. Rac1 h6 18. Bg4 Rd6 19. Nf3 $36 {[%cal Bd2f3,Bf3d4,Bd4f5,Bf5g7][%mdl 2080] Weiss steht aktiver.} Nf6 20. Nd4 {[#] Droht Sf5 und aus.} Nxg4 21. Qxg4 {zielt auf Sc6! ab.} Rg6 22. Qf3 Bc8 {Und weiter mit ...Lg4 wäre nett.} 23. h3 Qh4 (23... Qe4 $11) 24. Nf5 $1 $14 {[%cal Rf5h4]} Qg5 $2 {[#]} (24... Bxf5 $1 $14 25. Qxf5 Rgd6) 25. Nxg7 $1 $18 Rxg7 26. Bf6 Qg6 27. Bxd8 Bf5 {Droht ...Le4.} 28. g3 (28. g4 $142) 28... Be4 {Weiß steht deutlich besser.} 29. Qg4 Qc6 30. Qf4 Qe6 31. Kh2 (31. Bc7 $18) 31... Rg6 $16 32. Qb8 {Precision: Weiß = 61%, Schwarz = 48%.} *

[Event "Kurnosov Memorial Rapid 2018"]
[Site "Chelyabinsk"]
[Date "2018.09.08"]
[Round "8"]
[White "Shcherbakov, Ruslan"]
[Black "Yuffa, Daniil"]
[Result "0-1"]
[WhiteElo "2516"]
[BlackElo "2563"]
[Annotator "TA"]
[PlyCount "113"]
[EventDate "2018.09.07"]
[EventType "swiss"]
[EventCountry "RUS"]
[SourceTitle "playchess.com"]
[Source "ChessBase"]
[SourceQuality "1"]

{[%evp 22,113,37,18,59,23,42,15,19,18,9,14,25,12,15,23,11,6,26,-19,57,45,55,-5,10,0,-30,-121,-112,-100,-94,-255,-272,-270,-216,-500,-500,-437,-343,-324,-239,-224,-215,-295,-289,-285,-288,-326,-324,-295,0,-131,-93,-152,-14,-14,-14,-28,-10,-13,-10,-10,-10,-10,0,-141,-156,-164,-170,-561,-525,-740,-731,-747,-733,-641,-741,-741,-739,-727,-708,-718,-658,-780,-768,-765,-650,-822,-816,-1049,-1032,-988,-991,-876]} 1. e4 {[%cal Be2e4,Be4e5][%mdl 32]} Nf6 {[%cal Bg8f6,Bf6d5,Bd5b6][%mdl 32]} 2. e5 Nd5 3. d4 d6 4. c4 Nb6 5. exd6 exd6 6. Nc3 Be7 7. h3 O-O 8. Nf3 Re8 9. Be2 Bf6 10. O-O Nc6 11. Bf4 Bf5 12. Rc1 {LiveBook: 32 Partien. B03: Aljechin-Verteidigung (Vierbauernvariante)} Ne7 13. b3 $146 ({Vorgänger:} 13. Qb3 Ng6 14. Be3 Qc8 15. Rfd1 c6 16. a4 Nh4 17. a5 Nd7 18. Bf4 Nxf3+ 19. Bxf3 Be7 {½-½ (73) Perez Mitjans,O (2477)-Munoz Pantoja,M (2495) Barcelona 2012}) 13... c6 14. Re1 {Weiß steht etwas besser.} d5 15. Qd2 Ng6 16. Be3 Be6 {[%cal Rd5c4]} 17. c5 Nc8 18. Nh2 Nce7 19. g4 h6 20. Rf1 Bh4 (20... Nh4 $11) 21. f4 $14 {Droht stark f5.} f5 {[%cal Bf7f5,Bf5f4,Bf4f3,Bf3e2][%mdl 32]} 22. Nf3 ({Günstiger ist} 22. Kh1 $1 $14) 22... Qd7 23. Nxh4 Nxh4 24. Bf2 (24. Qe1 $11 Neg6 25. Qg3) 24... Nhg6 $1 $17 {[%cal Rf5g4]} 25. g5 hxg5 26. fxg5 $2 (26. Bg3 $17 {kämpft weiter.}) 26... f4 $19 27. h4 Bh3 28. h5 $2 (28. Rfe1 Bg4 29. Qd1) 28... Qf5 29. Kh2 Bxf1 30. Rxf1 f3 {Und ...Sf4 würde nun gewinnen.} 31. Bg3 Nf4 32. Qxf4 Qxf4 ({Weniger gut wäre} 32... fxe2 33. Nxe2 Qe6 34. Re1 $19) 33. Bxf4 fxe2 34. Re1 Nf5 35. Be5 Kf7 $2 (35... b6 $19 {zielt auf ...bxc5 ab.} 36. Na4 Rxe5 $1 {[%mdl 512]} 37. dxe5 Nd4) 36. g6+ {[#]} (36. Nxe2 $11 {bleibt in der Remisbreite.} Kg8 37. Kh3) 36... Kg8 $1 $17 37. Rxe2 {[#]} Re6 (37... Rf8 $1 $17 {Droht ...Sh6 und aus.} 38. Nd1 Nh4) 38. Rf2 Rf8 39. Kh3 Ne3 40. Rxf8+ Kxf8 $11 {[%mdl 4096] Endspiel KTS-KLS} 41. Ne2 Kg8 42. Nf4 Re7 43. h6 (43. Kh4 $11) 43... gxh6 $17 44. Nh5 Nf5 45. Nf6+ $2 (45. Kg4 Nxd4 46. Nf6+ Kg7 47. Bxd4 Kxg6 48. Nh5) 45... Kg7 $19 {Schwarz steht klar auf Gewinn.} 46. Kg4 Kxg6 47. Nh5 Ne3+ 48. Kh4 {[#]} Rxe5 $1 49. dxe5 {KS-KS} Kf5 50. Kg3 Kxe5 51. Kf3 Nf5 52. Nf4 Nd4+ 53. Ke3 Ne6 54. Nd3+ Kf5 55. b4 h5 {[%cal Bh6h5,Bh5h4][%mdl 32]} 56. Kf3 h4 57. Nf2 {Precision: Weiß = 40%, Schwarz = 50%.} 0-1

[Event "Kurnosov Memorial Rapid 2018"]
[Site "Chelyabinsk"]
[Date "2018.09.08"]
[Round "8"]
[White "Yakovich, Yuri"]
[Black "Demidov, Mikhail"]
[Result "1/2-1/2"]
[WhiteElo "2502"]
[BlackElo "2514"]
[Annotator "RC"]
[PlyCount "78"]
[EventDate "2018.09.07"]
[EventType "swiss"]
[EventCountry "RUS"]
[SourceTitle "playchess.com"]
[Source "ChessBase"]
[SourceQuality "1"]
[TimeControl "900+10"]

1. d4 {[%emt 0:00:00]} e6 {[%emt 0:00:00]} 2. c4 {[%emt 0:00:00]} Bb4+ {[%emt 0:00:00]} 3. Bd2 {[%emt 0:00:01]} Qe7 {[%emt 0:00:00]} 4. Nc3 {[%emt 0:00:07]} Nf6 {[%emt 0:00:03]} 5. Qc2 {[%emt 0:01:52]} O-O {[%emt 0:00:13]} 6. a3 {[%emt 0:00:06]} Bxc3 {[%emt 0:00:05]} 7. Bxc3 {[%emt 0:00:01]} d6 {[%emt 0:00:05]} 8. e3 {[%emt 0:00:35]} Re8 {[%emt 0:00:11]} 9. Ne2 {[%emt 0:00:38]} a5 {[%emt 0:00:40]} 10. Ng3 {[%emt 0:00:06]} a4 {[%emt 0:01:29]} 11. Be2 {[%emt 0:00:22]} e5 {[%emt 0:00:49]} 12. O-O {[%emt 0:00:05]} exd4 {[%emt 0:02:57]} 13. exd4 {[%emt 0:00:12]} d5 {[%emt 0:00:07]} 14. Rae1 {[%emt 0:05:53]} Qd8 {[%emt 0:01:50]} 15. Bd3 {[%emt 0:00:47]} Be6 {[%emt 0:02:53]} 16. c5 {[%emt 0:00:06]} Nc6 {[%emt 0:00:41]} 17. Bb5 {[%emt 0:01:54]} h5 {[%emt 0:01:11]} 18. h3 {[%emt 0:00:33]} h4 {[%emt 0:01:54]} 19. Ne2 {[%emt 0:00:24]} Ne4 {[%emt 0:00:39]} 20. Bd2 {[%emt 0:00:57]} Bf5 {[%emt 0:00:42]} 21. Qc1 {[%emt 0:00:30]} Qf6 {[%emt 0:00:02]} 22. Be3 {[%emt 0:00:08]} Ra5 {[%emt 0:00:42]} 23. Bxc6 {[%emt 0:00:16]} Qxc6 {[%emt 0:00:13]} 24. f3 {[%emt 0:00:15]} Nf6 {[%emt 0:00:43]} 25. Bg5 {[%emt 0:00:22]} b6 {[%emt 0:00:01]} 26. cxb6 {[%emt 0:00:14]} Qxb6 {[%emt 0:00:28]} 27. Bxh4 {[%emt 0:00:57]} Bd3 {[%emt 0:00:32]} 28. Qd2 {[%emt 0:00:35]} Bxe2 {[%emt 0:00:16]} 29. Bxf6 {[%emt 0:00:22]} Raa8 {[%emt 0:00:08]} 30. Rxe2 {[%emt 0:00:08]} Rxe2 {[%emt 0:00:06]} 31. Qxe2 {[%emt 0:00:00]} Qxf6 {[%emt 0:00:02]} 32. Qd2 {[%emt 0:00:25]} Rb8 {[%emt 0:00:06]} 33. Rc1 {[%emt 0:00:06]} c6 {[%emt 0:00:01]} 34. Rc3 {[%emt 0:00:08]} g6 {[%emt 0:00:05]} 35. Kh1 {[%emt 0:00:07]} Re8 {[%emt 0:00:12]} 36. Re3 {[%emt 0:00:06]} Rb8 {[%emt 0:00:03]} 37. Re5 {[%emt 0:00:10]} Kg7 {[%emt 0:00:29]} 38. f4 {[%emt 0:00:09]} Qh4 {[%emt 0:00:15]} 39. Re2 {[%emt 0:00:50]} Ra8 1/2-1/2

[Event "Kurnosov Memorial Rapid 2018"]
[Site "Chelyabinsk"]
[Date "2018.09.08"]
[Round "8"]
[White "Ulybin, Mikhail"]
[Black "Riazantsev, Alexander"]
[Result "1-0"]
[WhiteElo "2496"]
[BlackElo "2687"]
[Annotator "TA"]
[PlyCount "133"]
[EventDate "2018.09.07"]
[EventType "swiss"]
[EventCountry "RUS"]
[SourceTitle "playchess.com"]
[Source "ChessBase"]
[SourceQuality "1"]

{[%evp 19,133,9,2,-2,2,-15,-17,-14,11,-70,-63,-69,-56,-44,-48,-88,-45,-47,20,24,18,26,17,27,79,73,104,117,87,105,99,104,80,41,32,57,114,114,118,116,120,117,221,222,286,268,293,292,307,308,307,300,297,253,252,223,239,235,481,480,479,470,460,454,359,264,414,307,466,287,487,479,419,369,541,395,562,562,551,514,527,466,797,770,1149,1134,1062,1032,923,852,835,727,834,816,784,661,638,610,711,696,1819,1543,12828,12829,12832,12831,12833,12833,12833,2061,1419,0,12821,12796,12845,12845]} 1. d4 Nf6 2. c4 e6 3. g3 d5 4. Nf3 Bb4+ 5. Bd2 Be7 6. Bg2 O-O 7. O-O Nbd7 8. Qb3 {E11: Bogo-Indian} (8. b4 c6 9. a4 Bd6 10. Qc2 e5 11. cxd5 cxd5 12. dxe5 Nxe5 13. Bc3 Re8 14. Nbd2 Nxf3+ 15. Bxf3 Bh3 {½-½ (58) So,W (2778)-Karjakin,S (2782) Stavanger 2018}) 8... Nb6 9. c5 Nc4 10. Bf4 b6 {LiveBook: 3 Games} 11. c6 a5 12. Nc3 $146 ({Predecessor:} 12. Qc2 Ba6 13. Re1 b5 14. Nbd2 b4 15. Nxc4 Bxc4 {½-½ (49) Huang,Q (2449)-Zhai,M (2343) Tianjin 2018}) 12... Ba6 13. a4 Nh5 14. Nb5 ({Better is} 14. Bc1 $11) 14... Nxf4 15. gxf4 Bd6 16. e3 Qe8 17. Qc3 Bb4 (17... Qxc6 18. b3 $16) 18. Qc2 Qxc6 (18... Bxb5 $15 19. Ng5 g6 20. axb5 f6) 19. Ng5 $11 {[%csl Gg5][%cal Rc2h7]} g6 20. b3 {[#]} Ne5 $1 {[%mdl 512]} 21. Qd1 (21. dxe5 Qxc2) 21... Nd7 (21... h6 $1 $11 {keeps the balance.}) 22. Rc1 $36 {[%mdl 2048] Keeping Black busy.} Bxb5 23. Rxc6 Bxc6 24. Qc2 Nb8 25. e4 dxe4 26. Bxe4 Bxe4 27. Nxe4 Na6 {[#]} (27... c6 $1 $14) 28. d5 $1 {[%mdl 512]} Be7 (28... exd5 29. Nf6+) 29. dxe6 fxe6 {[#]} 30. Qc6 $1 Nc5 (30... Rae8 $16) 31. Qxc7 $18 Rae8 32. Ng5 h6 33. Nf3 Bd8 34. Qd6 Rf7 35. Ne5 Rxf4 36. Rd1 Bf6 {White must now prevent ...Rd8.} 37. Qc6 Rf8 38. Nd7 Nxd7 $2 (38... Rf7 39. Nxf6+ (39. Nxc5 bxc5 40. Qxc5 Kh7 $16) (39. Nxb6 Nxb3 40. Qxe6 Nd4 $16) 39... R4xf6 40. Qxb6 Ne4) 39. Qxe6+ ({Weaker is} 39. Rxd7 Kh8 $18) ({Not} 39. Qxd7 Bh4 $16) 39... Kh8 {Threatens to win with ...Ne5.} 40. Rxd7 Bg7 41. Qe7 {[%csl Gd7][%cal Re7g7]} ({Less strong is} 41. Qxg6 Rg8 $18) 41... Rg8 42. Kg2 Rf6 (42... Rg4+ $142 43. Kf1 Rd4) 43. h4 Rc6 (43... Rf4 {was necessary.} 44. Rb7 Rb4) 44. Qf7 Kh7 $2 (44... Rf6 {was called for.}) 45. Re7 Rd6 46. Kg3 h5 (46... Rd3+ $142 47. Kg2 Rd4) 47. Kg2 Rc6 (47... Rd4 $142 48. f4 Rd6) 48. Rb7 Kh8 49. Qd7 Rf6 50. Qc7 Re6 (50... Rf5 $142 51. Qxb6 Rgf8) 51. Rxb6 Rxb6 52. Qxb6 {[%mdl 4096] Endgame KQ-KRB} Bc3 53. Qe3 {[%cal Re3h6]} Bg7 54. Qc5 Rb8 55. Qd6 Rb4 56. f3 {[%cal Bf2f3,Bf3f4,Bf4f5][%mdl 32]} Kh7 57. Qd5 Bc3 58. Qf7+ Kh6 59. f4 Bg7 60. f5 {[%csl Gf5][%cal Rf7g6]} Rg4+ 61. Kh3 gxf5 62. Qxf5 Bc3 63. Qe6+ Kh7 64. Qf7+ (64. Qd7+ $142 Bg7 65. Qf5+ Kh6 66. Qxa5) 64... Kh6 65. Qe6+ (65. Qf8+ $142 Bg7 66. Qd6+ Kh7 67. Qb6) 65... Kh7 66. Qd7+ Kg6 67. Qd3+ {Precision: White = 71%, Black = 33%.} 1-0

[Event "Kurnosov Memorial Rapid 2018"]
[Site "Chelyabinsk"]
[Date "2018.09.08"]
[Round "8"]
[White "Kostenko, Petr"]
[Black "Kryakvin, Dmitry"]
[Result "1/2-1/2"]
[WhiteElo "2359"]
[BlackElo "2589"]
[Annotator "TA"]
[PlyCount "109"]
[EventDate "2018.09.07"]
[EventType "swiss"]
[EventCountry "RUS"]
[SourceTitle "playchess.com"]
[Source "ChessBase"]
[SourceQuality "1"]

{[%evp 18,109,33,26,38,4,25,0,44,38,24,-2,0,0,29,10,10,0,42,0,34,0,0,0,0,0,0,-11,13,9,10,10,14,10,10,10,32,31,35,23,25,0,0,0,0,0,0,-497,-490,-708,-708,-685,-597,-650,-103,-96,-96,-127,-128,-172,-162,-182,-173,-205,-190,-227,-38,-38,-38,-38,0,-8,-8,-8,0,0,0,0,0,-8,0,0,0,0,0,0,0,0,0,0,0,0,0,0]} 1. Nf3 d5 2. e3 Nf6 3. c4 c6 4. b3 g6 5. Bb2 Bg7 6. Be2 O-O 7. O-O b6 {A12: English Opening: 1...c6 with b3 by White} 8. d4 Bb7 9. Nbd2 Nbd7 10. Rc1 {LiveBook: 4 Games} (10. a4 a5 11. Rc1 e6 12. Qc2 c5 13. Rfd1 Rc8 14. Qb1 Qe7 15. Qa1 Rfd8 {½-½ (57) Anton Guijarro,D (2650)-Motylev,A (2663) Tallinn 2016}) 10... Rc8 11. Re1 e6 12. Qc2 Re8 13. b4 $146 ({Predecessor:} 13. Bd3 h6 14. Ba3 Bf8 15. Qb2 {0-1 (46) Moeller,P (1437)-Segelken,P (1733) Binz 2011}) 13... c5 14. Qa4 cxb4 15. Qxb4 ({Not} 15. Qxa7 $2 Bc6 $19) 15... Ba6 (15... Bf8 $5 {[%cal Rf8b4]} 16. Qb3 dxc4 17. Rxc4 Rxc4 18. Bxc4 Qe7 $11) 16. Qa4 Nb8 $1 17. Qb3 Rc7 18. Ne5 Nfd7 (18... Ne4 {is more complex.} 19. Nef3 Nxd2 20. Nxd2 Qd7 21. Rc3 Rec8) 19. Nxd7 (19. Nd3 {seems wilder.} Nf6 20. Nb4 Bb7 21. cxd5 Nxd5 22. Nd3) 19... Qxd7 20. cxd5 {[#] aiming for Rxc7.} Rxc1 21. Bxc1 exd5 22. Bf3 Bxd4 23. Bxd5 {Strongly threatening Ne4.} Bb7 24. Bxb7 Qxb7 25. Nc4 {Black must now prevent Nd6.} Qc7 26. Ba3 {Threatens to win with Nd6.} Bf6 27. Nd6 Rd8 $1 {[%cal Rd8d6]} 28. Rc1 Qd7 29. f4 Na6 $1 30. h3 Nc5 31. Bxc5 bxc5 32. Nb7 $2 {[%mdl 8192]} (32. Ne4 $11 {and White is okay.} Be7 33. Nxc5) 32... Qd2 $19 33. Qc2 (33. Qc4 $142 Qxe3+ 34. Kh1) 33... Qxe3+ 34. Kh1 Rd2 35. Qxc5 Qxc5 $2 (35... Qe4 $19 {[%csl Gd2][%cal Re4g2] and Black stays clearly on top.} 36. Qc8+ Kg7) 36. Rxc5 $17 Rxa2 $19 {[%mdl 4096] Endgame KRB-KRN} 37. g4 Rd2 38. g5 Be7 39. Rc4 Kg7 40. h4 {[#]} h5 $1 41. Kg1 Bd8 $2 (41... a6 $19 42. Kh1 Ba3) 42. Nxd8 $15 Rxd8 {KR-KR} 43. Ra4 $1 Rd7 44. Kf2 {The position is equal.} Kf8 45. Ke3 Ke7 46. Ra6 Rc7 47. Ke4 Rb7 48. Ke5 Rd7 49. f5 gxf5 50. Kxf5 Rb7 51. Ra5 Kf8 52. g6 Rb6 53. gxf7 a6 54. Kf4 Rb4+ 55. Kg3 {Precision: White = 50%, Black = 39%.} 1/2-1/2